书目信息 |
| 题名: |
2007全国造价工程师执业资格考试命题考点精要
|
|
| 作者: | 严敏 , 严玲 编 | |
| 分册: | ||
| 出版信息: | 天津 天津大学出版社 2007.04 |
|
| 页数: | 133页 | |
| 开本: | 24cm | |
| 丛书名: | ||
| 单 册: | ||
| 中图分类: | TU723.3 | |
| 科图分类: | ||
| 主题词: | 建筑工程--jian zhu gong cheng--工程造价--考核--自学参考资料 | |
| 电子资源: | ||
| ISBN: | 978-7-5618-2435-1 | |
| 000 | 01241nam0 2200265 450 | |
| 001 | 012008525581 | |
| 005 | 20080222094418.75 | |
| 010 | @a978-7-5618-2435-1@dCNY14.00 | |
| 100 | @a20080220d2007 em y0chiy0120 ea | |
| 101 | 0 | @achi |
| 102 | @aCN@b120000 | |
| 105 | @ay z 000yy | |
| 106 | @ar | |
| 200 | 1 | @a2007全国造价工程师执业资格考试命题考点精要@A2007 quan guo zao jia gong cheng shi zhi ye zi ge kao shi ming ti kao dian jing yao@e工程造价计价与控制@f严敏, 严玲编@Fyan min,yan ling bian |
| 210 | @a天津@c天津大学出版社@d2007.04 | |
| 215 | @a133页@d24cm | |
| 330 | @a本书根据最新考试大纲和考试教材,盘点了相关知识点历年的出题情况,对应知识点主要对2006年考试真题进行了分析,并对各知识点的主要内容做了总结归纳。本书介绍了工程构造、工程材料、工程施工技术、工程施工组织、工程计量等内容。 | |
| 517 | 1 | @a全国造价工程师执业资格考试命题考点精要@Aquan guo zao jia gong cheng shi zhi ye zi ge kao shi ming ti kao dian jing yao |
| 517 | 1 | @a工程造价计价与控制@Agong cheng zao jia ji jia yu kong zhi |
| 606 | 0 | @a建筑工程@Ajian zhu gong cheng@x工程造价@x考核@j自学参考资料 |
| 690 | @aTU723.3@v4 | |
| 701 | 0 | @a严敏@Ayan min@4编 |
| 701 | 0 | @a严玲@Ayan ling@4编 |
| 801 | 0 | @aCN@bQSSK@c20080222 |
| 905 | @b281706-08@dTU723.3@eY058@f3 | |
| 2007全国造价工程师执业资格考试命题考点精要:工程造价计价与控制/严敏, 严玲编.-天津:天津大学出版社,2007.04 |
| 133页;24cm |
| ISBN 978-7-5618-2435-1:CNY14.00 |
| 本书根据最新考试大纲和考试教材,盘点了相关知识点历年的出题情况,对应知识点主要对2006年考试真题进行了分析,并对各知识点的主要内容做了总结归纳。本书介绍了工程构造、工程材料、工程施工技术、工程施工组织、工程计量等内容。 |
| ● |
| 相关链接 |
|
|
|
正题名:2007全国造价工程师执业资格考试命题考点精
索取号:TU723.3/Y058
 
预约/预借
| 序号 | 登录号 | 条形码 | 馆藏地/架位号 | 状态 | 备注 |
| 1 | 281706 | 202817069 | 土木与交通工程学院资料室/土木与交通学院资料室 1排1列1层/ [索取号:TU723.3/Y058] | 在馆 | |
| 2 | 281707 | 202817078 | 土木与交通工程学院资料室/土木与交通学院资料室 1排1列1层/ [索取号:TU723.3/Y058] | 在馆 | |
| 3 | 281708 | 202817087 | 土木与交通工程学院资料室/土木与交通学院资料室 1排1列1层/ [索取号:TU723.3/Y058] | 在馆 |